El Willakuy del Auqa Pureq / (Record no. 23164)

000 -CABECERA
fixed length control field 00734nam a22002057i 4500
003 - IDENTIFICADOR DEL NÚMERO DE CONTROL
control field AR-CdUCM
008 - DATOS DE LONGITUD FIJA--INFORMACIÓN GENERAL
fixed length control field 250117b20202020 pe||||| |||| 00| 0 spa d
040 ## - FUENTE DE LA CATALOGACIÓN
Agencia/entidad que catalogó originalmente la obra MUNICIPALIDAD PROVINCIAL DEL CUSCO
Entidad que transcribió la catalogación BIBLIOTECA MUNICIPAL DEL CUSCO
082 ## - NÚMERO DE LA CLASIFICACIÓN DECIMAL DEWEY
No. de Clasificación 803 / R63W
Notacion interna R63W
100 ## - ENTRADA PRINCIPAL--NOMBRE DE PERSONA
Nombre Personal Ríos Zamalloa, Jorge
245 ## - MENCIÓN DE TÍTULO
Título El Willakuy del Auqa Pureq /
260 ## - PUBLICACIÓN, DISTRIBUCIÓN, ETC.
Lugar de publicación, distribución, etc. Cusco :
Nombre de la editorial, distribuidor, etc. Editorial Wamanpuma
Fecha de publicación, distribución, etc. 2020
300 ## - DESCRIPCIÓN FÍSICA
Nº de Páginas Extensión 128 páginas. :
Dimensiones 20x13 cm.
505 ## - NOTA DE CONTENIDO CON FORMATO
Nota de contenido formateada Willakuy del Auqa Pureq -- Los condenados al Ausangate -- La vida sobre el mar -- Dos mundos distintos -- El gran mercado -- Aka Mama y el Akanaku
650 ## - PUNTO DE ACCESO ADICIONAL DE MATERIA--TÉRMINO DE MATERIA
Descriptor Condenados
9 (RLIN) 50922
650 ## - PUNTO DE ACCESO ADICIONAL DE MATERIA--TÉRMINO DE MATERIA
Descriptor Hitler
9 (RLIN) 2451
942 ## - ELEMENTOS DE PUNTO DE ACCESO ADICIONAL (KOHA)
Fuente de clasificación
Tipo de item Libros-BMC
945 ## - PROCESAMIENTO DE INFORMACIÓN LOCAL (OCLC)
Catalogador pbj
AAAA-MM-DD - Fecha de ingreso o modificacion 17-01-2025
Holdings
Estado de retiro (separado) Fuente de clasificación o esquema de estanterías Estado dañado Ubicación Sala donde se ubica Nombre de la colección Fecha de adquisición o compra Fuente de adquisición Costo, precio normal en soles Signatura topográfica Código de Barras Última vez visto (Koha) Tipo de ítem (Koha)
No     Sala Humanidades Sala Humanidades Book Cart 2025-01-17 Donación 15.00 803 / R63W SH0000016873 2025-01-17 Libros-BMC

Powered by Koha